[Event "4NCL Online Division 5"]
[Site "online"]
[Date "2020.09.08"]
[Round "2.161"]
[White "Siddle, Michael"]
[Black "Foale, Ron"]
[Result "0-1"]
[WhiteElo "1570"]
[BlackElo "1667"]
[PlyCount "122"]
[EventDate "2020.09.08"]
[WhiteTeam "Bishop Knights"]
[BlackTeam "Uxbridge Bombers A"]

1. c4 e6 2. g3 d5 3. cxd5 exd5 4. d4 Nf6 5. Bg2 c6 6. Nf3 Bf5 7. Nc3 h6 8. O-O
Bd6 9. Re1 O-O 10. Nd2 Re8 11. e4 dxe4 12. Ndxe4 Nxe4 13. Nxe4 Bxe4 14. Bxe4
Nd7 15. Qb3 Nf6 16. Qc2 Nxe4 17. Rxe4 Rxe4 18. Qxe4 Qd7 19. Be3 Re8 20. Qc2 Qe6
21. b3 Qe4 22. Qxe4 Rxe4 23. Rd1 Bb4 24. Kf1 Re7 25. d5 Rd7 26. Bxa7 Rxd5 27.
Rxd5 cxd5 28. Ke2 Kf8 29. Kd3 Ke7 30. Bd4 f6 31. f4 Kd6 32. f5 Ke7 33. Bb6 Kd6
34. Bd4 Ke7 35. Bb6 Kd6 36. Kd4 Ba3 37. Kc3 Kd7 38. b4 Kc6 39. Bc5 Kb5 40. Kd4
Bxb4 41. Bxb4 Kxb4 42. Kxd5 b5 43. Ke6 Ka3 44. Kf7 b4 45. Kxg7 Kxa2 46. Kxf6 b3
47. Kg6 b2 48. f6 b1=Q+ 49. Kxh6 Qf5 50. Kg7 Qg5+ 51. Kf7 Kb3 52. Ke7 Kc4 53.
Ke6 Qd5+ 54. Ke7 Qe5+ 55. Kf7 Kd5 56. Kg7 Ke6 57. g4 Qxf6+ 58. Kg8 Qf7+ 59. Kh8
Kf6 60. g5+ Kg6 61. h4 Qh7# 0-1

[Event "4NCL Online Division 5"]
[Site "online"]
[Date "2020.09.08"]
[Round "2.162"]
[White "Nandi, Asoke K"]
[Black "Clynes, Chris"]
[Result "1-0"]
[WhiteElo "1562"]
[BlackElo "1457"]
[PlyCount "97"]
[EventDate "2020.09.08"]
[WhiteTeam "Uxbridge Bombers A"]
[BlackTeam "Bishop Knights"]

1. e4 c5 2. Nf3 d6 3. d4 cxd4 4. Nxd4 Nf6 5. Bd3 a6 6. c3 e6 7. O-O Be7 8. Bg5
O-O 9. Nd2 Nc6 10. N4f3 Bd7 11. Qc2 e5 12. Rad1 Rc8 13. Qb1 Nh5 14. Be3 Bg4 15.
Rfe1 Qd7 16. Be2 Nf4 17. Bxf4 exf4 18. Nc4 Bxf3 19. Bxf3 Qe6 20. Nb6 Rcd8 21.
Nd5 Ne5 22. Nxf4 Nxf3+ 23. gxf3 Qe5 24. Nh3 Qh5 25. Kg2 f5 26. Qd3 Qg6+ 27. Kh1
Qh6 28. Ng1 Bg5 29. exf5 Bf4 30. h3 Be5 31. Qe4 Rfe8 32. Qg4 Bf4 33. Ne2 Bg5
34. Nd4 Bh4 35. Kg2 Bf6 36. Rxe8+ Rxe8 37. Ne6 Be7 38. Nf4 Bg5 39. Ne6 Bf6 40.
Rxd6 Qc1 41. Qc4 Kh8 42. Qb3 Be5 43. Rd1 Qh6 44. Qc4 Qf6 45. Qe4 g6 46. f4 Bc7
47. Qd4 Qxd4 48. Rxd4 gxf5 49. Nxc7 1-0

[Event "4NCL Online Division 5"]
[Site "online"]
[Date "2020.09.08"]
[Round "2.163"]
[White "Gatenby, Thomas"]
[Black "Pordes, Ben"]
[Result "1-0"]
[WhiteElo "1225"]
[BlackElo "1555"]
[PlyCount "67"]
[EventDate "2020.09.08"]
[WhiteTeam "Bishop Knights"]
[BlackTeam "Uxbridge Bombers A"]

1. e4 e6 2. Nc3 d5 3. exd5 exd5 4. Nf3 Nf6 5. d4 Bd6 6. Bd3 O-O 7. O-O Bg4 8.
h3 Bh5 9. Nb5 Be7 10. Bf4 Na6 11. c4 c6 12. Nc3 Re8 13. g4 Bg6 14. Bxg6 hxg6
15. c5 Ne4 16. Re1 Bh4 17. Nxh4 Qxh4 18. Nxe4 Rxe4 19. Rxe4 dxe4 20. Qb3 Qe7
21. Bd6 Qd7 22. Re1 Re8 23. Kg2 Kh8 24. Re3 f5 25. gxf5 gxf5 26. Rg3 Re6 27. a3
b5 28. a4 b4 29. Qc4 Qc8 30. Rg5 Rf6 31. Rh5+ Rh6 32. Rxh6+ gxh6 33. Be5+ Kh7
34. Qf7# 1-0

[Event "4NCL Online Division 5"]
[Site "online"]
[Date "2020.09.08"]
[Round "2.164"]
[White "Smith, Richard"]
[Black "Clynes, Jamie"]
[Result "1-0"]
[WhiteElo "1517"]
[BlackElo "850"]
[PlyCount "81"]
[EventDate "2020.09.08"]
[WhiteTeam "Uxbridge Bombers A"]
[BlackTeam "Bishop Knights"]

1. c4 e5 2. Nc3 Nf6 3. g3 c6 4. Bg2 b5 5. cxb5 Bb7 6. bxc6 Nxc6 7. e3 Bc5 8. a3
O-O 9. b4 Bb6 10. Nge2 d5 11. d4 Re8 12. O-O Rc8 13. Bb2 e4 14. Qb3 Re6 15. Bh3
Rd6 16. Bxc8 Bxc8 17. Nb5 Re6 18. Nf4 Re8 19. a4 Ba6 20. Rfc1 Ne7 21. Ba3 Ng4
22. Qd1 f5 23. Ne6 Qd7 24. Nec7 Rc8 25. Nxa6 Rf8 26. Nc5 Bxc5 27. bxc5 Qe6 28.
c6 Qh6 29. h4 Nxc6 30. Bxf8 Kxf8 31. Qf1 Ne7 32. Nc3 Ng6 33. Qh3 Qh5 34. Nxd5
Nxf2 35. Kxf2 Qf3+ 36. Kg1 Kf7 37. Rf1 Qe2 38. Qxf5+ Kg8 39. Qf7+ Kh8 40. Qe8+
Nf8 41. Qxf8# 1-0

[Event "4NCL Online Division 5"]
[Site "online"]
[Date "2020.09.22"]
[Round "3.11"]
[White "Eames, Robert S"]
[Black "Beckett, Chris J"]
[Result "1/2-1/2"]
[WhiteElo "2267"]
[BlackElo "2162"]
[PlyCount "23"]
[EventDate "2020.09.22"]
[WhiteTeam "Hackney Thirsty"]
[BlackTeam "Woking Warriors"]

1. e4 e6 2. d4 d5 3. Nc3 Nc6 4. Nf3 Nf6 5. Bd3 Nb4 6. Bg5 Nxd3+ 7. cxd3 c6 8.
O-O Be7 9. e5 Nd7 10. Bxe7 Qxe7 11. Rc1 b6 12. Ne2 1/2-1/2

[Event "4NCL Online Division 5"]
[Site "online"]
[Date "2020.09.22"]
[Round "3.12"]
[White "Kothari, Jai"]
[Black "Mackle, Dominic"]
[Result "0-1"]
[WhiteElo "1295"]
[BlackElo "2192"]
[PlyCount "126"]
[EventDate "2020.09.22"]
[WhiteTeam "Woking Warriors"]
[BlackTeam "Hackney Thirsty"]

1. e4 c5 2. Nf3 Nc6 3. d4 cxd4 4. Nxd4 Nf6 5. Nc3 e6 6. Bc4 Bb4 7. Qd3 O-O 8.
O-O Bxc3 9. bxc3 Ne5 10. Qe2 Nxc4 11. Qxc4 Nxe4 12. Nxe6 d5 13. Nxd8 dxc4 14.
Re1 Nf6 15. Rd1 Bg4 16. f3 Rfxd8 17. Rxd8+ Rxd8 18. fxg4 Rd1+ 19. Kf2 Nxg4+ 20.
Kg3 Ne3 21. Rb1 b6 22. a4 Nxc2 23. a5 h6 24. axb6 axb6 25. Kf2 Kh7 26. Ke2 Rh1
27. Kd2 Ne1 28. Ke2 Nxg2 29. Kd2 Nf4 30. Rxb6 Nd3 31. Ba3 Rxh2+ 32. Ke3 Ne5 33.
Bd6 f6 34. Rb5 Rh3+ 35. Kd4 Rd3+ 36. Ke4 Rxc3 37. Bxe5 fxe5 38. Kxe5 Re3+ 39.
Kd4 Re8 40. Kxc4 g5 41. Kd4 Kg6 42. Rb3 g4 43. Rb6+ Kg5 44. Rb5+ Kh4 45. Rb1 h5
46. Rh1+ Kg5 47. Rg1 h4 48. Rc1 g3 49. Rc5+ Kg4 50. Rc7 h3 51. Rg7+ Kf3 52.
Rf7+ Kg2 53. Ra7 h2 54. Ra2+ Kh3 55. Ra1 g2 56. Ra3+ Kg4 57. Ra1 g1=Q+ 58.
Rxg1+ hxg1=Q+ 59. Kd5 Qd1+ 60. Kc6 Rc8+ 61. Kb7 Rc2 62. Kb6 Qb1+ 63. Ka5 Ra2#
0-1

[Event "4NCL Online Division 5"]
[Site "online"]
[Date "2020.09.22"]
[Round "3.13"]
[White "Chin, Francis Choy Wan"]
[Black "Seet, Joshua"]
[Result "1-0"]
[WhiteElo "2087"]
[BlackElo "1322"]
[PlyCount "118"]
[EventDate "2020.09.22"]
[WhiteTeam "Hackney Thirsty"]
[BlackTeam "Woking Warriors"]

1. e4 c6 2. Nc3 d5 3. d4 dxe4 4. Nxe4 Nf6 5. Bd3 e6 6. Nf3 Nxe4 7. Bxe4 Bd6 8.
O-O Nd7 9. c3 Nf6 10. Bc2 O-O 11. Bg5 h6 12. Bh4 Be7 13. Ne5 Nd5 14. Qd3 f5 15.
Bxe7 Nxe7 16. Rae1 Nd5 17. a3 Nf4 18. Qf3 g5 19. Kh1 Qd5 20. Qxd5 Nxd5 21. g3
f4 22. Kg2 fxg3 23. hxg3 h5 24. Rh1 Nf6 25. Bg6 h4 26. gxh4 gxh4 27. Rxh4 Kg7
28. Reh1 Rg8 29. Kf3 Kf8 30. Bd3 Nd7 31. Rf4+ Ke7 32. Rh7+ Kd6 33. Nc4+ Kc7 34.
Rff7 b5 35. Ne5 Rd8 36. Be4 Kd6 37. Nxc6 Bb7 38. Nxd8 Bxe4+ 39. Kxe4 Rxd8 40.
f4 a5 41. Rxd7+ Rxd7 42. Rxd7+ Kxd7 43. Ke5 Ke7 44. d5 exd5 45. Kxd5 Kf6 46.
Kc5 Kf5 47. Kxb5 Kxf4 48. Kxa5 Ke5 49. Kb6 Kd6 50. a4 Kd7 51. Kb7 Kd6 52. a5
Kc5 53. a6 Kc4 54. a7 Kb3 55. a8=Q Kxb2 56. c4 Kc3 57. c5 Kc4 58. c6 Kc5 59. c7
Kd6 1-0

[Event "4NCL Online Division 5"]
[Site "online"]
[Date "2020.09.22"]
[Round "3.14"]
[White "Wicks, Alexander"]
[Black "Tennyson, John"]
[Result "0-1"]
[WhiteElo "1217"]
[BlackElo "2020"]
[PlyCount "42"]
[EventDate "2020.09.22"]
[WhiteTeam "Woking Warriors"]
[BlackTeam "Hackney Thirsty"]

1. e4 Nf6 2. e5 Nd5 3. c4 Nb6 4. d4 d6 5. Bf4 Nc6 6. Nf3 Bg4 7. exd6 exd6 8.
Be2 Be7 9. h3 Bxf3 10. Bxf3 Nxc4 11. Bxc6+ bxc6 12. Qc2 d5 13. b3 Bb4+ 14. Bd2
Nxd2 15. Nxd2 O-O 16. Qxc6 Re8+ 17. Kd1 Qg5 18. Qc2 Qxg2 19. Re1 Rxe1+ 20. Kxe1
Re8+ 21. Kd1 Qg1+ 0-1

[Event "4NCL Online Division 5"]
[Site "online"]
[Date "2020.09.22"]
[Round "3.21"]
[White "Priestley, Stephen"]
[Black "Price, Michael C"]
[Result "1-0"]
[WhiteElo "1637"]
[BlackElo "1747"]
[PlyCount "131"]
[EventDate "2020.09.22"]
[WhiteTeam "Shropshire 4"]
[BlackTeam "Uxbridge Knights B"]

1. d4 d5 2. Nf3 b6 3. e3 Bb7 4. Bd3 Nf6 5. c3 e6 6. Nbd2 Nbd7 7. O-O Rc8 8. Qe2
c5 9. e4 dxe4 10. Nxe4 Be7 11. Rd1 c4 12. Nxf6+ Nxf6 13. Bxc4 Bxf3 14. gxf3 O-O
15. Bf4 Nd5 16. Bg3 Bd6 17. Bd3 Nf4 18. Qf1 Nxd3 19. Rxd3 f5 20. Be5 Qg5+ 21.
Kh1 Bxe5 22. dxe5 Qh5 23. Qg2 f4 24. Rg1 g6 25. Qg4 Qxe5 26. Rd4 Rf5 27. Re4
Qf6 28. Rd1 e5 29. c4 Rf8 30. Rd5 Rg5 31. Qd7 Rh5 32. Qg4 Qe7 33. Rd7 Qf6 34.
Rd5 a5 35. Rb5 Rh4 36. Rxb6 Rxh2+ 37. Kxh2 Qxb6 38. c5 Qxc5 39. Qe6+ Rf7 40.
Qe8+ Rf8 41. Qe6+ Rf7 42. Qe8+ Kg7 43. Qxe5+ Qxe5 44. Rxe5 Ra7 45. Kh3 Kf6 46.
Rb5 g5 47. Kg4 h6 48. Rb6+ Ke5 49. Rxh6 Kd4 50. Rb6 Kd3 51. Kxg5 Ke2 52. Kxf4
Kxf2 53. Rf6 a4 54. Ke4 Rb7 55. Ra6 Rxb2 56. Rxa4 Re2+ 57. Kd5 Kxf3 58. Ra3+
Kf4 59. Ra4+ Ke3 60. Re4+ Kd3 61. Rxe2 Kxe2 62. Kc5 Kd3 63. a4 Ke4 64. a5 Ke5
65. Kc6 Ke6 66. a6 1-0

[Event "4NCL Online Division 5"]
[Site "online"]
[Date "2020.09.22"]
[Round "3.22"]
[White "Knight, Daniel"]
[Black "Love, Phil"]
[Result "1-0"]
[WhiteElo "1705"]
[BlackElo "1630"]
[PlyCount "57"]
[EventDate "2020.09.22"]
[WhiteTeam "Uxbridge Knights B"]
[BlackTeam "Shropshire 4"]

1. d4 d6 2. Nf3 c6 3. e4 Nf6 4. Bd3 g6 5. c4 Bg7 6. Nc3 O-O 7. Bg5 c5 8. d5
Nbd7 9. O-O Nb6 10. Rb1 e5 11. Qc1 a6 12. Bh6 Bg4 13. Bxg7 Kxg7 14. Nd2 Qd7 15.
f3 Bh5 16. g4 Bxg4 17. fxg4 Nxg4 18. Qe1 Qe7 19. Qg3 h5 20. Rf3 Qg5 21. Nf1 Nd7
22. h3 h4 23. Qxg4 Qxg4+ 24. hxg4 g5 25. Ne3 Nf6 26. Nf5+ Kg6 27. Ne3 Rh8 28.
Kh2 Rad8 29. Rbf1 1-0

[Event "4NCL Online Division 5"]
[Site "online"]
[Date "2020.09.22"]
[Round "3.23"]
[White "Birch, James"]
[Black "Knight, David"]
[Result "0-1"]
[WhiteElo "1570"]
[BlackElo "1705"]
[PlyCount "134"]
[EventDate "2020.09.22"]
[WhiteTeam "Shropshire 4"]
[BlackTeam "Uxbridge Knights B"]

1. c4 e5 2. g3 Nf6 3. Bg2 c6 4. d4 exd4 5. Qxd4 Be7 6. Nc3 O-O 7. e3 Na6 8. a3
Nc5 9. Qd1 d6 10. b4 Ne6 11. Nge2 Bd7 12. O-O h6 13. Bb2 Qc7 14. Qc2 Rad8 15.
Rad1 Rfe8 16. Rd2 Ng5 17. Nf4 Qc8 18. Nce2 Qc7 19. Rfd1 Bg4 20. h4 Nf3+ 21.
Bxf3 Bxf3 22. Qf5 Bg4 23. Qc2 Nd7 24. Kg2 Ne5 25. Bxe5 dxe5 26. Nd3 Bf5 27. Qb3
Rd7 28. f3 Red8 29. e4 Be6 30. Qc3 f6 31. g4 b6 32. Ng3 Rd4 33. Nb2 c5 34. b5
Qd7 35. Rd3 Qc8 36. Nf5 Bxf5 37. gxf5 R8d7 38. h5 Qe8 39. Rh1 Qd8 40. Rhd1 Rxd3
41. Rxd3 Rd4 42. Kf2 Qe8 43. Nd1 Qxh5 44. Ne3 Qh4+ 45. Kg2 Qg5+ 46. Kf2 h5 47.
Nd5 Bd8 48. Ne3 h4 49. Ng4 Qf4 50. Ke2 h3 51. Qd2 Qg3 52. Ke3 Qg1+ 53. Qf2 Qc1+
54. Qd2 Qxc4 55. Nf2 h2 56. Nh1 Qxb5 57. Rxd4 cxd4+ 58. Kf2 Qb1 59. Qe1 Qb2+
60. Kg3 Qxa3 61. Qe2 d3 62. Qd2 Qb3 63. Kxh2 Qc2 64. Qf2 d2 65. Ng3 d1=Q 66.
Nh1 Qxf2+ 67. Nxf2 Qxf3 0-1

[Event "4NCL Online Division 5"]
[Site "online"]
[Date "2020.09.22"]
[Round "3.24"]
[White "Foale, Ron"]
[Black "Holmes, Nick D"]
[Result "0-1"]
[WhiteElo "1667"]
[BlackElo "1540"]
[PlyCount "61"]
[EventDate "2020.09.22"]
[WhiteTeam "Uxbridge Knights B"]
[BlackTeam "Shropshire 4"]

1. e4 d6 2. d4 Nf6 3. f3 g6 4. Nc3 Bg7 5. Be3 O-O 6. Bc4 c6 7. Nge2 b5 8. Bb3
a5 9. a3 Na6 10. O-O Bb7 11. d5 b4 12. dxc6 Bxc6 13. Nd4 bxc3 14. Nxc6 Qc7 15.
Nd4 cxb2 16. Ra2 Rab8 17. Rxb2 a4 18. Bxf7+ Kxf7 19. Nb5 Qd7 20. Qd3 Nc5 21.
Qc4+ Qe6 22. Qxe6+ Nxe6 23. Rfb1 Nd7 24. Rb4 Nec5 25. Bxc5 dxc5 26. Rxa4 Ra8
27. Rc4 Rfb8 28. a4 Rc8 29. Rd1 Ne5 30. Rc3 Rxa4 31. Rcd3 0-1

[Event "4NCL Online Division 5"]
[Site "online"]
[Date "2020.09.22"]
[Round "3.31"]
[White "Penny, Liam"]
[Black "Marsh, Roger D W"]
[Result "0-1"]
[WhiteElo "1765"]
[BlackElo "1952"]
[PlyCount "78"]
[EventDate "2020.09.22"]
[WhiteTeam "Cheshire Cats"]
[BlackTeam "Wessex Some Stars D"]

1. d4 g6 2. e4 Bg7 3. Nc3 c6 4. Be3 d5 5. e5 h5 6. Qd2 Nh6 7. Bd3 Bf5 8. f3
Bxd3 9. Qxd3 Qd7 10. Nh3 Qf5 11. O-O-O Qxd3 12. Rxd3 Nf5 13. Bg5 Nd7 14. Re1 e6
15. Nf4 a6 16. Nce2 c5 17. c3 c4 18. Rd2 b5 19. Ng3 Ne7 20. h4 Nc6 21. Nge2 b4
22. cxb4 Nxb4 23. Nc3 Nb6 24. Kb1 Kd7 25. g4 hxg4 26. fxg4 Bh6 27. Bxh6 Rxh6
28. Rh2 g5 29. a3 Nc6 30. Nfe2 Rxh4 31. Rxh4 gxh4 32. Nd1 Ke7 33. Nf2 Nd7 34.
g5 Rg8 35. Nh3 Nf8 36. Kc2 Ng6 37. Kc3 Rb8 38. Rf1 Rb3+ 39. Kc2 Rxh3 0-1

[Event "4NCL Online Division 5"]
[Site "online"]
[Date "2020.09.22"]
[Round "3.32"]
[White "Adaway, William"]
[Black "Fisher, Peter"]
[Result "1/2-1/2"]
[WhiteElo "1952"]
[BlackElo "1727"]
[PlyCount "48"]
[EventDate "2020.09.22"]
[WhiteTeam "Wessex Some Stars D"]
[BlackTeam "Cheshire Cats"]

1. c4 Nf6 2. Nc3 e6 3. Nf3 d5 4. e3 Be7 5. b3 O-O 6. Bb2 b6 7. Be2 Bb7 8. O-O
c5 9. cxd5 exd5 10. d4 Nbd7 11. Rc1 a6 12. Ne5 Rc8 13. Nxd7 Qxd7 14. Na4 Qd8
15. dxc5 bxc5 16. Bxf6 gxf6 17. Bg4 Rc7 18. Nb6 Qd6 19. Bf5 h6 20. Qg4+ Kh8 21.
Qh5 Kg7 22. Qg4+ Kh8 23. Qh5 Kg7 24. Qg4+ Kh8 1/2-1/2

[Event "4NCL Online Division 5"]
[Site "online"]
[Date "2020.09.22"]
[Round "3.33"]
[White "Beckett, Phill"]
[Black "Chilton, James I"]
[Result "1-0"]
[WhiteElo "1712"]
[BlackElo "1892"]
[PlyCount "129"]
[EventDate "2020.09.22"]
[WhiteTeam "Cheshire Cats"]
[BlackTeam "Wessex Some Stars D"]

1. e4 c5 2. Nf3 e6 3. d4 cxd4 4. Nxd4 a6 5. Nc3 Nc6 6. Be3 Qc7 7. Qd2 Nf6 8.
O-O-O Bb4 9. f3 d5 10. a3 Ba5 11. Nb3 O-O 12. Nxa5 Qxa5 13. exd5 Rd8 14. Bg5
Ne5 15. Bxf6 gxf6 16. Ne4 Qxd2+ 17. Rxd2 f5 18. dxe6 Bxe6 19. Rxd8+ Rxd8 20.
Nc5 Bd5 21. Be2 Rc8 22. Nd3 Bb3 23. c3 Nc4 24. Nf4 Ne3 25. Bd3 Rd8 26. Re1 Nc4
27. Bxc4 Bxc4 28. Kc2 Kg7 29. Re7 b5 30. Ra7 Rd6 31. b3 Bf1 32. Re7 b4 33. axb4
Bb5 34. c4 Kf6 35. Re2 Bc6 36. Nd3 f4 37. Nxf4 Kf5 38. Nd3 f6 39. g4+ Kg5 40.
Re3 Kh4 41. Nc5 h5 42. gxh5 Kxh5 43. Nxa6 f5 44. b5 Bb7 45. c5 Rd5 46. b4 f4
47. Re4 Rg5 48. c6 Rxb5 49. Re5+ Rxe5 50. cxb7 Rb5 51. b8=Q Rxb8 52. Nxb8 Kh4
53. Kd3 Kh3 54. Ke4 Kxh2 55. Kxf4 Kh3 56. Ke5 Kh4 57. f4 Kh5 58. f5 Kh6 59. Ke6
Kg7 60. f6+ Kf8 61. Nd7+ Kg8 62. f7+ Kh7 63. f8=Q Kg6 64. Qg8+ Kh6 65. Kf6 1-0

[Event "4NCL Online Division 5"]
[Site "online"]
[Date "2020.09.22"]
[Round "3.34"]
[White "Clancy, Martin J"]
[Black "Cox, Paul"]
[Result "0-1"]
[WhiteElo "1870"]
[BlackElo "1600"]
[PlyCount "74"]
[EventDate "2020.09.22"]
[WhiteTeam "Wessex Some Stars D"]
[BlackTeam "Cheshire Cats"]

1. e4 e5 2. Nf3 Nc6 3. Bb5 a6 4. Ba4 Nf6 5. O-O Nxe4 6. d4 b5 7. Bb3 d5 8. dxe5
Be6 9. c3 Bc5 10. Bf4 O-O 11. Nbd2 Nxd2 12. Qxd2 Na5 13. Bc2 Nc4 14. Qd3 g6 15.
Rab1 Bf5 16. Qe2 Qd7 17. h3 Rfe8 18. Nd4 Bxc2 19. Nxc2 Qf5 20. Bg3 Nxe5 21.
Rbe1 Nd3 22. Qxe8+ Rxe8 23. Rxe8+ Kg7 24. Nd4 Bxd4 25. cxd4 Nxb2 26. Bxc7 Qd7
27. Be5+ f6 28. Bxf6+ Kxf6 29. Rfe1 Kf7 30. Rh8 Kg7 31. Ree8 Nd3 32. g4 Qf7 33.
g5 Qxf2+ 34. Kh1 Qf3+ 35. Kh2 Qf4+ 36. Kh1 Qxg5 37. Rhg8+ Kh6 0-1

[Event "4NCL Online Division 5"]
[Site "online"]
[Date "2020.09.22"]
[Round "3.41"]
[White "Liu, Jason"]
[Black "Rawlinson, Aidan M"]
[Result "1-0"]
[WhiteElo "1392"]
[BlackElo "2215"]
[PlyCount "65"]
[EventDate "2020.09.22"]
[WhiteTeam "BCC Penguins"]
[BlackTeam "Manchester Manticores 1"]

1. e4 g6 2. d4 Bg7 3. Nc3 d6 4. f4 Nf6 5. Nf3 O-O 6. Bd3 Nc6 7. e5 dxe5 8. dxe5
Nd5 9. Qe2 Nxc3 10. bxc3 f6 11. O-O Bg4 12. exf6 Bxf6 13. Bd2 Qd6 14. Kh1 Qc5
15. h3 Bf5 16. Rab1 Bxd3 17. cxd3 b6 18. d4 Qd6 19. Ne5 Na5 20. Qe4 Rad8 21.
Rbd1 Qd5 22. Qe2 Qxa2 23. Qg4 Qd5 24. f5 Bxe5 25. dxe5 Qxe5 26. fxg6 Rxf1+ 27.
Rxf1 Rxd2 28. gxh7+ Kxh7 29. Rf7+ Kh6 30. Qh4+ Kg6 31. Qh7+ Kg5 32. h4+ Kg4 33.
Qg6+ 1-0

[Event "4NCL Online Division 5"]
[Site "online"]
[Date "2020.09.22"]
[Round "3.42"]
[White "Pink, Joshua"]
[Black "Liu, Benjamin"]
[Result "1-0"]
[WhiteElo "2080"]
[BlackElo "1000"]
[PlyCount "65"]
[EventDate "2020.09.22"]
[WhiteTeam "Manchester Manticores 1"]
[BlackTeam "BCC Penguins"]

1. Nc3 Nf6 2. e4 d6 3. d4 g6 4. f4 Bg7 5. e5 dxe5 6. dxe5 Qxd1+ 7. Kxd1 Nh5 8.
Be2 O-O 9. g4 Rd8+ 10. Ke1 Nxf4 11. Bxf4 Nc6 12. h3 Nxe5 13. Nf3 Nxf3+ 14. Bxf3
c6 15. Ke2 e5 16. Be3 f5 17. Rad1 Re8 18. gxf5 Bxf5 19. Be4 Kh8 20. Rhf1 Rf8
21. Bxf5 gxf5 22. Rd7 f4 23. Bc5 Rf5 24. Ne4 Bf8 25. Bxf8 Raxf8 26. Kf3 Rg8 27.
Rxb7 a6 28. Rd1 Rg7 29. Rd8+ Rg8 30. Rdd7 Rg7 31. Rxg7 Rf7 32. Rgxf7 a5 33.
Rf8# 1-0

[Event "4NCL Online Division 5"]
[Site "online"]
[Date "2020.09.22"]
[Round "3.43"]
[White "Bell, Euan"]
[Black "Hilton, Tim"]
[Result "0-1"]
[WhiteElo "700"]
[BlackElo "2005"]
[PlyCount "66"]
[EventDate "2020.09.22"]
[WhiteTeam "BCC Penguins"]
[BlackTeam "Manchester Manticores 1"]

1. c4 f5 2. Nc3 Nf6 3. b3 e5 4. Bb2 Nc6 5. Nd5 Bc5 6. Nh3 d6 7. b4 Bxb4 8. Nxb4
Nxb4 9. Qa4+ Nc6 10. g3 Bd7 11. Qd1 O-O 12. Bg2 Qe8 13. Bd5+ Nxd5 14. cxd5 Ne7
15. Qb3 Qh5 16. Ng1 Qf7 17. Qxb7 Rab8 18. Qxc7 Nxd5 19. Qc4 Rxb2 20. Qa6 Nb4
21. Qxa7 Nc2+ 22. Kf1 Nxa1 23. Qa3 Rb1+ 24. Kg2 Qd5+ 25. Nf3 Rxh1 26. Kxh1 e4
27. Ng5 e3+ 28. f3 exd2 29. Qd3 d1=R+ 30. Qxd1 Qxd1+ 31. Kg2 Qxe2+ 32. Kh3 Rf6
33. Kh4 Rh6# 0-1

[Event "4NCL Online Division 5"]
[Site "online"]
[Date "2020.09.22"]
[Round "3.44"]
[White "Reed, John"]
[Black "Florczak, Adam"]
[Result "1-0"]
[WhiteElo "1937"]
[BlackElo "700"]
[PlyCount "37"]
[EventDate "2020.09.22"]
[WhiteTeam "Manchester Manticores 1"]
[BlackTeam "BCC Penguins"]

1. d4 d5 2. c4 dxc4 3. e4 Nf6 4. e5 Bg4 5. f3 Bf5 6. exf6 gxf6 7. Bxc4 Bxb1 8.
Rxb1 Nc6 9. Ne2 e6 10. O-O Nb4 11. Bd2 Nc6 12. Bc3 Bh6 13. Qd3 f5 14. d5 Ne5
15. Bxe5 Rg8 16. dxe6 Qg5 17. exf7+ Kf8 18. fxg8=Q+ Ke7 19. Qf7# 1-0

[Event "4NCL Online Division 5"]
[Site "online"]
[Date "2020.09.22"]
[Round "3.51"]
[White "Gauri, Dhairye"]
[Black "Maton, James J"]
[Result "0-1"]
[WhiteElo "1412"]
[BlackElo "1370"]
[PlyCount "134"]
[EventDate "2020.09.22"]
[WhiteTeam "Uxbridge Bombers B"]
[BlackTeam "St Albans 4"]

1. e4 d6 2. Nf3 c5 3. d4 Nf6 4. Nc3 cxd4 5. Nxd4 Nc6 6. Bb5 Bd7 7. Nxc6 bxc6 8.
Be2 g6 9. b3 Bg7 10. Bb2 Nxe4 11. Nxe4 Bxb2 12. Rb1 Bg7 13. O-O O-O 14. c4 Qa5
15. Qc2 Bf5 16. Bd3 Rac8 17. b4 Qd8 18. Ng3 Bxd3 19. Qxd3 a5 20. bxa5 Qxa5 21.
Qe2 e6 22. Ne4 d5 23. cxd5 cxd5 24. Nd6 Ra8 25. a3 Qxa3 26. Nb5 Qe7 27. Rfd1
Rfb8 28. Rxd5 Qf6 29. Rdd1 Ra5 30. Nd6 Rxb1 31. Rxb1 Ra1 32. Qd1 Rxb1 33. Qxb1
Qd8 34. Nb7 Qd4 35. Kf1 Qc4+ 36. Kg1 Qd4 37. Kf1 Qa1 38. Qxa1 Bxa1 39. Ke2 Kg7
40. Nd6 Kf6 41. Kf3 Ke7 42. Ne4 h6 43. g3 f5 44. Nd2 Kd6 45. Ke3 Kd5 46. f4 g5
47. fxg5 hxg5 48. Nf3 g4 49. Ng5 Bf6 50. Nh7 Bd4+ 51. Ke2 Ke4 52. Ng5+ Kd5 53.
Nf7 e5 54. Nh6 Ke4 55. Kd2 Be3+ 56. Ke2 Bxh6 57. Kf2 Kd3 58. Kg2 Kd2 59. Kf2 e4
60. Kf1 e3 61. h3 e2+ 62. Kg2 e1=Q 63. hxg4 Qe2+ 64. Kh1 fxg4 65. Kg1 Be3+ 66.
Kh1 Qf1+ 67. Kh2 Qg1# 0-1

[Event "4NCL Online Division 5"]
[Site "online"]
[Date "2020.09.22"]
[Round "3.52"]
[White "Feldman, Keith"]
[Black "Hasan, Abu"]
[Result "1-0"]
[WhiteElo "1330"]
[BlackElo "1412"]
[PlyCount "97"]
[EventDate "2020.09.22"]
[WhiteTeam "St Albans 4"]
[BlackTeam "Uxbridge Bombers B"]

1. d4 e5 2. e3 e4 3. c4 Nf6 4. Nc3 Bb4 5. Bd2 d5 6. a3 Bxc3 7. Bxc3 Bg4 8. Be2
Bxe2 9. Qxe2 O-O 10. f3 Re8 11. fxe4 Nxe4 12. O-O-O a5 13. c5 b6 14. cxb6 cxb6
15. Nf3 Nxc3 16. bxc3 Qd7 17. Rhe1 Qa4 18. Qa2 Qc6 19. Rd3 b5 20. Ne5 Qe6 21.
Red1 Na6 22. Qb2 b4 23. axb4 axb4 24. cxb4 Qd6 25. Rb3 Rec8+ 26. Kd2 f6 27. Nf3
Rab8 28. b5 Nc7 29. b6 Ne6 30. b7 Rc7 31. Rb6 Qd7 32. Rb1 g5 33. Qb5 g4 34. Nh4
Ng5 35. Qxd7 Rxd7 36. Ke2 Ne4 37. Ke1 Nd6 38. g3 Kg7 39. Rxd6 Rxd6 40. Nf5+ Kg6
41. Nxd6 h5 42. Kf2 f5 43. Rb5 h4 44. Rxd5 hxg3+ 45. hxg3 Kf6 46. Rb5 Ke6 47.
Nxf5 Rxb7 48. Rxb7 Kxf5 49. d5 1-0

[Event "4NCL Online Division 5"]
[Site "online"]
[Date "2020.09.22"]
[Round "3.53"]
[White "Martellotta, Gabriele"]
[Black "Azizollahoff, Noah"]
[Result "0-1"]
[WhiteElo "1367"]
[BlackElo "1075"]
[PlyCount "54"]
[EventDate "2020.09.22"]
[WhiteTeam "Uxbridge Bombers B"]
[BlackTeam "St Albans 4"]

1. d4 d5 2. c4 dxc4 3. e4 e5 4. Be3 Bb4+ 5. Nc3 Nf6 6. Qa4+ Nc6 7. d5 Bxc3+ 8.
bxc3 Nxd5 9. exd5 Qxd5 10. Rd1 Qe4 11. Qxc4 Qg6 12. Bc5 Be6 13. Qa4 Bf5 14. Rd2
Bd7 15. Nf3 b6 16. Bb4 O-O-O 17. Qa6+ Kb8 18. Rg1 Nxb4 19. cxb4 Bg4 20. Be2
Qb1+ 21. Bd1 Rxd2 22. Kxd2 Rd8+ 23. Ke2 Qxb4 24. h3 Bxf3+ 25. Kxf3 Qf4+ 26. Ke2
Rd2+ 27. Ke1 Qxf2# 0-1

[Event "4NCL Online Division 5"]
[Site "online"]
[Date "2020.09.22"]
[Round "3.54"]
[White "Harris, Stuart"]
[Black "Knight, Samuel"]
[Result "0-1"]
[WhiteElo "1150"]
[BlackElo "1360"]
[PlyCount "60"]
[EventDate "2020.09.22"]
[WhiteTeam "St Albans 4"]
[BlackTeam "Uxbridge Bombers B"]

1. d4 e6 2. Nf3 d5 3. Bf4 c5 4. c3 cxd4 5. Nxd4 Nc6 6. Nxc6 bxc6 7. e3 Nf6 8.
Bd3 c5 9. b3 g6 10. O-O Bg7 11. h3 O-O 12. Be5 Nd7 13. Bxg7 Kxg7 14. f4 f5 15.
Qf3 Qf6 16. a4 Rb8 17. Ra3 Bb7 18. Qf2 Rfe8 19. Bb5 Re7 20. Bxd7 Rxd7 21. c4
dxc4 22. bxc4 Be4 23. Nd2 Rb2 24. Rd1 Qd8 25. Raa1 Rbxd2 26. Qe1 Rxd1 27. Rxd1
Rxd1 28. Qxd1 Qxd1+ 29. Kh2 Qe2 30. a5 Qxg2# 0-1